|
|
|
|
| LEADER |
01037cam a2200253 7i4500 |
| 001 |
0000061802 |
| 005 |
20210908090000.0 |
| 020 |
|
|
|a 9783839447192 (electronic book)
|
| 090 |
0 |
0 |
|a Q335
|b .D47 2019
|
| 245 |
0 |
4 |
|a The democratization of artificial intelligence :
|b net politics in the era of learning algorithms
|c Andreas Sudmann (ed.).
|
| 264 |
|
|
|a Verlag, Bielefeld:
|b Transcript,
|c 2019.
|
| 300 |
|
|
|a 1 online resource (331 pages):
|b illustrations, text file, PDF.
|
| 336 |
|
|
|a text
|2 rdacontent
|
| 337 |
|
|
|a computer
|2 rdamedia
|
| 338 |
|
|
|a online resource
|2 rdacarrier
|
| 490 |
0 |
|
|a AI critique;
|v v. 1
|
| 650 |
|
0 |
|a Artificial intelligence --
|x Political aspects
|
| 650 |
|
0 |
|a Artificial intelligence --
|x Social aspects
|
| 655 |
|
0 |
|a Electronic books
|
| 700 |
1 |
|
|a Sudmann, Andreas
|
| 856 |
4 |
2 |
|u http://library.unisel.edu.my/web/guest/mylibrary
|
| 997 |
|
|
|a Communication, Visual Art & Computing, Faculty
|b Computing, Department
|
| 998 |
|
|
|a Industrial Technology, Degree
|
| 999 |
|
|
|a EBO0006877
|b EBOOK
|c EBOOK
|e Electronic resources
|